Introduction a la Génétique / (Record no. 50867)
[ view plain ]
| 000 -LEADER | |
|---|---|
| campo de control de longitud fija | 00492nam a2200169 i 4500 |
| 001 - NÚMERO DE CONTROL | |
| campo de control | 50867 |
| 003 - IDENTIFICADOR DE NÚMERO DE CONTROL | |
| campo de control | ES-MaACL |
| 005 - FECHA Y HORA DE LA ÚLTIMA TRANSACCIÓN | |
| campo de control | 20230906162242.0 |
| 007 - CAMPO FIJO DE DESCRIPCIÓN FÍSICA--INFORMACIÓN GENERAL | |
| campo de control de longitud fija | t| |
| 008 - DATOS DE LONGITUD FIJA--INFORMACIÓN GENERAL | |
| campo de control de longitud fija | 030807s1936 fr ||||1| fre d |
| 100 1# - ENTRADA PRINCIPAL--NOMBRE DE PERSONA | |
| Nombre de persona | Cuénot, Lucien. |
| 9 (RLIN) | 42013 |
| 245 10 - MENCIÓN DEL TÍTULO | |
| Título | Introduction a la Génétique / |
| Mención de responsabilidad, etc. | Lucien Cuenot et Jean Rostand. |
| 260 ## - PUBLICACIÓN, DISTRIBUCIÓN, ETC. | |
| Lugar de publicación, distribución, etc. | París : |
| Nombre del editor, distribuidor, etc. | Tournier et Coustans, |
| Fecha de publicación, distribución, etc. | 1936 ( |
| Fabricante | Imp. Remmerlé) |
| 300 ## - DESCRIPCIÓN FÍSICA | |
| Extensión | 136 p. ; |
| Dimensiones | 18 cm. |
| 700 1# - ENTRADA AGREGADA--NOMBRE PERSONAL | |
| Nombre de persona | Rostand, Jean. |
| 9 (RLIN) | 99922 |
| 852 ## - LOCALIZACIÓN | |
| Ubicación | ES-MaACL |
| Número de control de estantería | A-4257 |
| Estatus retirado | Estado de pérdida | Estado de daño | No para préstamo | Biblioteca de origen | Biblioteca actual | Ubicación en estantería | Fecha de adquisición | Fuente de adquisición | Total de préstamos | Signatura topográfica completa | Código de barras | Visto por última vez | Precio de reemplazo | Tipo de ítem Koha |
|---|---|---|---|---|---|---|---|---|---|---|---|---|---|---|
| Biblioteca del Ateneo de Madrid | Biblioteca del Ateneo de Madrid | Sala Pecera Planta 1 | 17/01/2008 | A-4257 | 1053497 | 23/02/2023 | 23/02/2023 | Libro impreso |
